000 00861nam a2200229Ii 4500
003 JO-AjNU
008 230605s9999||||xx |||||||||||||| ||und||
017 _a2003/3211
020 _a977-327-289-6
040 _aJO-AjNU
_bara
_erda
_cJO-AjNU
041 _aara
050 1 4 _aPJ7750.M8.Z77 2004
100 3 _aتأليف ميدان،أيمن محمد,
_eauthor
_919148
245 0 0 _aالحوار الأدبي بين المشرق والأندلس: المتنبي والمعري .. نموذجين
250 _aط1
264 3 1 _aالإسكندرية:دار الوفاء لدنيا الطباعة والنشر،2004
300 _a239ص
336 _atext
_btxt
_2rdacontent
337 _aunmediated
_bn
_2rdamedia
338 _avolume
_bnc
_2rdacarrier
650 4 _aالأدب العربي - حوارات - الأندلس - المتنبي - المعري
_919149
999 _aA6259
_c9827
_d9827